| 000 | 00902nam a22003370a 4500 | ||
|---|---|---|---|
| 001 | PT37253 | ||
| 003 | AR-LpoUNG | ||
| 005 | 20210131230433.0 | ||
| 008 | 191001s2009||||ag |||||||||||||||||spa d | ||
| 020 |
_a9789875743229 _c$12.25 |
||
| 040 |
_aAR-LpoUNG _bspa _cAR-LpoUNG _eaacr |
||
| 041 | _aspa | ||
| 044 | _aag | ||
| 082 | 0 | _a982.063 699vie | |
| 100 | 1 | _aTortti, María Cristina | |
| 245 | 1 | 3 |
_aEl "viejo" partido socialista y los orígenes de la "nueva" izquierda : _b1955-1965 |
| 250 | _a1§ edición | ||
| 260 |
_aBuenos Aires : _bPrometeo, _c2009. |
||
| 300 |
_a405 p. : _bgráfs. |
||
| 650 | 4 | _aANALISIS HISTORICO | |
| 650 | 4 | _aARGENTINA | |
| 650 | 4 | _aELECCIONES | |
| 650 | 4 | _aHISTORIA POLITICA | |
| 650 | 4 | _aIDEOLOGIAS POLITICAS | |
| 650 | 4 | _aPARTIDOS POLITICOS | |
| 650 | 4 | _aSOCIALISMO | |
| 651 | 4 | _aArgentina | |
| 653 | _aPERONISMO | ||
| 905 | _a37253 | ||
| 942 | _cLIB | ||
| 999 |
_c3340 _d3340 |
||